Lenin Peace Prize Recipients by Country - Statistics

General Stats
  • This quiz has been taken 364 times
  • The average score is 43 of 63
Answer Stats
# Country Recipients % Correct
8 United States Angela Davis, Arthur Moulton (Declined), Howard Fast, John Hanly Morgan, Linus Pauling, Paul Robeson, Rockwell Kent, W. E. B. Du Bois
97%
2 China Guo Moruo, Soong Ching-ling
96%
5 United Kingdom Denis Pritt, Dorothy Hodgkin, Hewlett Johnson, John Desmond Bernal, Monica Felton
96%
13 France Eugénie Cotton, Alain Le Léap, Emmanuel d'Astier de La Vigeria, Frédéric Joliot-Curie, Hervé Bazin, Jean Eiffel, Jean-Marie Legay, Laurent Casanova, Louis Aragon, Louis Saillant, Pierre Cot, Pierre Pouyade, Yves Farge
93%
2 Canada Cyrus S. Eaton, James Gareth Endicott
91%
5 Italy Andrea Gaggiero, Danilo Dolci, Giacomo Manzù, Pietro Nenni, Renato Guttuso
89%
4 Poland Halina Skibniewska, Jarosław Iwaszkiewicz, Leon Kruczkowski, Ostap Dłuski
89%
3 Spain Dolores Ibárruri, Pablo Picasso, Rafael Alberti
89%
5 Soviet Union Ilya Ehrenburg, Leonid Brezhnev, Nikita Khrushchev, Nikolai Tikhonov, Nina Popova
88%
3 Brazil Elisa Branco, Jorge Amado, Oscar Niemeyer
87%
7 India Aruna Asaf Ali, C. V. Raman, Indira Gandhi (Posthumous), K. P. S. Menon, Rameshwari Nehru, Romesh Chandra, Sahib Singh Sokhey
87%
5 Japan Akira Iwai, Kaoru Yasui, Ota Kaoru, Oyama Ikuo, Seki Akiko
87%
4 Finland Felix Iversen, Martti Ahtisaari, Mirjam Vire-Tuominen, Urho Kekkonen
86%
3 Mexico David Alfaro Siqueiros, Heriberto Jara Corona, Lázaro Cárdenas
86%
4 Sweden Andrea Andreen, Artur Lundkvist, Bertil Svahnström, Eva Palmær
86%
2 Argentina Alfredo Varela, María Rosa Oliver
85%
3 Cuba Fidel Castro, Nicolás Guillén, Vilma Espín
85%
1 Egypt Abd al-Rahman al-Khamisi
84%
4 Australia Bill Morrow, Eric Burhop, Freda Brown, James Aldridge
83%
4 Vietnam / Republic of South Vietnam (PRG) Lê Duẩn, Tôn Đức Thắng, Nguyễn Hữu Thọ (PRG), Nguyễn Thị Định (PRG)
83%
1 Norway Ragnar Forbech
83%
2 South Africa Bram Fischer, Nelson Mandela
81%
5 Chile Hortensia Bussi de Allende, Luis Corvalán, Olga Poblete, Pablo Neruda, Salvador Allende
79%
1 Romania Mihail Sadoveanu
79%
2 Czechoslovakia Ivan Málek, Josef Hromádka
78%
1 Iraq Aziz Sharif
78%
2 Hungary Endre Sík, István Dobi
77%
7 East Germany Anna Seghers, Arnold Zweig, Bertolt Brecht, Ernst Busch, Herbert Warnke, Johannes R. Becher, Otto Buchwitz
76%
1 North Korea Pak Chong-ae
76%
2 Denmark Herluf Bidstrup, Martin Andersen Nexø
75%
5 Greece Charilaos Florakis, Kostas Varnalis, Manolis Glezos, Mikis Theodorakis, Yiannis Ritsos
75%
2 Belgium Isabelle Blume, Raymond Goor
74%
1 Netherlands Joris Ivens
74%
1 Switzerland André Bonnard
74%
3 Colombia Baldomero Sanín Cano, Jorge Zalamea Borda, Luis Vidales
73%
1 Austria Heinrich Brandweiner
72%
3 Bulgaria Georgi Traykov, Petur Tanchev, Tsola Dragoycheva
72%
2 Ireland Seán MacBride, Valerie Goulding
72%
2 Pakistan Abdul Sattar Edhi, Faiz Ahmad Faiz
72%
1 Venezuela Miguel Otero Silva
71%
2 Indonesia Prijono, Sukarno
70%
1 Syria Muhammad al-Ashmar
68%
1 Algeria Ahmed Ben Bella
67%
2 Nigeria Funmilayo Ransome-Kuti, Peter Ayodele Curtis Joseph
63%
5 West Germany Herbert Mies, Josef Weber, Karl Joseph Wirth, Kurt Bachmann, Martin Niemöller
62%
1 Iceland Halldór Laxness
56%
1 Mongolia Jamsrangiin Sambuu
56%
1 Burma Thakin Kodaw Hmaing
54%
1 Angola Agostinho Neto
50%
2 Uruguay Enrique Pastorino, Líber Seregni
50%
1 Sudan Shafie Ahmed el Sheikh
47%
1 Tanzania Julius Nyerere
47%
2 Lebanon Antoine Tabet, Kamal Jumblatt
45%
1 Nicaragua Miguel d'Escoto Brockmann
45%
1 Guatemala Miguel Ángel Asturias
43%
1 Mozambique Samora Machel
42%
1 Ceylon Udakendawala Siri Saranankara
38%
1 Ghana Kwame Nkrumah
38%
1 Palestine Mahmoud Darwish
33%
1 Mali Modibo Keïta
31%
1 South West Africa / Namibia Sam Nujoma
30%
2 Guinea Ahmed Sékou Touré, Jeanne Martin Cissé
22%
2 United Arab Republic Hikmat Abu Zayd, Khaled Mohieddin,
4%
No matching quizzes found
Score Distribution
Percent of People with Each Score
Percentile by Number Answered
Your Score History
You have not taken this quiz